Neuroendocrinología / (Registro nro. 256)
[ vista simple ]
| 000 -LEADER | |
|---|---|
| fixed length control field | 01489 am a2200409 a 4500 |
| 005 - FECHA ULTIMA MODIFICACION | |
| control field | 20220817085813.0 |
| 008 - CAMPO DE CONTROL (LIBRO) | |
| fixed length control field | 100415s1984||||ag a f |||| 001 0 spa d |
| 020 ## - INTERNATIONAL STANDARD BOOK NUMBER | |
| ISBN | 9505051441 |
| 041 ## - CODIGO DE IDIOMA | |
| Código de idioma del texto/pista de sonido o título separado | spa |
| 092 ## - SIGNATURA TOPOGRAFICA DEWEY LOCAL | |
| número de clasificación | 612.4 |
| Classification number | MOG |
| libristica | 53 |
| 100 1# - ENTRADA PRINCIPAL--NOMBRE PERSONAL | |
| Nombre personal | Moguilevsky, Jaime A. |
| 9 (RLIN) | 243 |
| 245 ## - TITULO PROPIAMENTE DICHO | |
| Título | Neuroendocrinología / |
| Mención de responsabilidad y remanente de la transcripción de la portada | Jaime A. Moguilevsky. |
| 250 ## - MENCION DE EDICION | |
| Mención de edición | 1a ed. |
| 260 ## - PIE DE IMPRENTA | |
| Lugar de publicación, distribución, etc | Buenos Aires : |
| Nombre de la editorial, distribuidor, etc | López Libreros Editores, |
| Fecha de publicación | 1984. |
| 300 ## - DESCRIPCION FISICA | |
| Extension | 332 p. |
| 500 ## - NOTA GENERAL | |
| Nota general | Moguilevsky, J. A. y Faigón, M. R. (1984). Neuroendocrinología. (1a ed.) Buenos Aires: López Libreros ediciones |
| 653 ## - TÉRMINO INDIZADO - PALABRAS CLAVES | |
| Palabra clave | Neuroendocrinología |
| 653 ## - TÉRMINO INDIZADO - PALABRAS CLAVES | |
| Palabra clave | Neurosecreción. Anatomiía funcional del eje hipotalamo hiposisario |
| 653 ## - TÉRMINO INDIZADO - PALABRAS CLAVES | |
| Palabra clave | Hormonas o factores hipotalamicos |
| 653 ## - TÉRMINO INDIZADO - PALABRAS CLAVES | |
| Palabra clave | Mecanismos de regulación |
| 653 ## - TÉRMINO INDIZADO - PALABRAS CLAVES | |
| Palabra clave | Neurotrasmisores y neuroendocrinología |
| 653 ## - TÉRMINO INDIZADO - PALABRAS CLAVES | |
| Palabra clave | Endorfinas y neuroendrocrinología |
| 653 ## - TÉRMINO INDIZADO - PALABRAS CLAVES | |
| Palabra clave | Prostaglandinas y neuroendrocrinología |
| 653 ## - TÉRMINO INDIZADO - PALABRAS CLAVES | |
| Palabra clave | Glándula pineal |
| 653 ## - TÉRMINO INDIZADO - PALABRAS CLAVES | |
| Palabra clave | Eje hipotálamo-hipofiso tiroideo |
| 653 ## - TÉRMINO INDIZADO - PALABRAS CLAVES | |
| Palabra clave | Eje hipotálamo-hipofiso ovarico |
| 653 ## - TÉRMINO INDIZADO - PALABRAS CLAVES | |
| Palabra clave | Eje hipotálamo-hipofiso testicular |
| 653 ## - TÉRMINO INDIZADO - PALABRAS CLAVES | |
| Palabra clave | Prolactina |
| 653 ## - TÉRMINO INDIZADO - PALABRAS CLAVES | |
| Palabra clave | Neuroendocrinología de la pubertad |
| 653 ## - TÉRMINO INDIZADO - PALABRAS CLAVES | |
| Palabra clave | Somatotrofina |
| 653 ## - TÉRMINO INDIZADO - PALABRAS CLAVES | |
| Palabra clave | Eje hipotalamo-hipofisio-corticosuprarrenal |
| 653 ## - TÉRMINO INDIZADO - PALABRAS CLAVES | |
| Palabra clave | Neuroendocrinologia de la menopausia |
| 653 ## - TÉRMINO INDIZADO - PALABRAS CLAVES | |
| Palabra clave | Fisiopatología de la secrecion de MSH |
| 700 1# - ENTRADAS SECUNDARIAS - NOMBRE PERSONAL | |
| Nombre personal | Faigón, María Rosa. |
| 9 (RLIN) | 264 |
| 930 ## - NUMERO DE INVENTARIO | |
| Número de inventario | 1827 |
| 942 ## - ADDED ENTRY ELEMENTS (KOHA) | |
| Source of classification or shelving scheme | Dewey Decimal Classification |
| Item type | Libros |
| Estado de retiro | Existencia | Fuente de clasificación | Estado general | Uso restringido | No para prestamo | Ubicación permanente | ubicación actual | Sala de ubicación | Fecha de adquisición | Total Checkouts | Número de clasificación | Código de barras | Date last seen | Número de ejemplar | Price effective from | Koha tipo de elemento (item) | Public note |
|---|---|---|---|---|---|---|---|---|---|---|---|---|---|---|---|---|---|
| Dewey Decimal Classification | Restricted Access | Not For Loan | Biblioteca Medicina | Biblioteca Medicina | Circulación | 13/05/2011 | 612.4 53 MOG | 1827 | 06/11/2014 | ej.1 | 13/05/2011 | Libros | Baja |